000 00494nam a2200181Ia 4500
001 19493
005 20260306172657.0
008 260306t2008||||xx |||||||||||||| ||spa||
041 _aESP
082 _a340.0711
_bG67
100 _aGonzales Mantilla, Gorki
_eAUT
245 0 _aLa enseñanza del derecho o los molinos de viento:
_bcambios, resistencias y continuidades
260 _c2008
300 _a219 páginas :
_c20 cm.
650 _aGEN
654 _aCDE
942 _cLIB
_dJUS
_fJUS
_2ddc
_n
999 _c19493
_d19493